000 00559nam a2200181 a 4500
005 20140310183459.0
008 100325s19uu xx 00 eng d
020 _a9780521722155
050 _aHF 5383
_b.D59 2008
100 _aDowness, Colm
245 _aCambridge English for job-hunting /
_cColm Downess.
260 _aNew York :
_bCambridge University Press,
_c2008.
300 _a112 p. :
_bcol. ill. ;
_c24 cm.
650 _aJob hunting
_xsample applications.
650 _aJob search
_xsample applications.
942 _cBK
_2lcc
_kFOR
999 _c23801
_d23801